00936nam a22002417a 4500999001700000003000900017008004100026020001800067040007100085082001500156100002400171245003500195260006800230300002800298505014300326650002800469650002100497650001600518700002900534942001600563945002000579952009500599 c18044d18044AR-CdUCM190511b ||||| |||| 00| 0 spa d a84-8390-990-1 aMUNICIPALIDAD PROVINCIAL DEL CUSCOcBIBLIOTECA MUNICIPAL DEL CUSCO a330 /bP78 aAltamirano, Teofilo aEl Perú frente al siglo XX / aPerú :bPontificia universidad católica del Perú, c1995. a670 páginas ;c21 cm. aContenido : Economía, población y medio ambiente -- Sociedad, cultura y política -- Ciencias sociales, universidad y desarrollo ...  aCiencias sociales91096 aDesarrollo92021 aSiglo XX98 aAnderson, Jeanine938393 2ddccLIBROS arahd11/05/2019 002ddc4070aSHbSHcCARTd2019-05-11g30.00o330 / P78pSH0000012756r2019-05-11yLIBROS